Qui a créé ces héros de romans policiers ? - Statistiques

Statistiques générales
  • Ce quiz a été pris 72 fois
  • Le résultat moyen est 12 sur 35
Statistiques - réponses
Héros Auteur % Correct
Tuppence Beresford Agatha Christie
97%
Tommy Beresford Agatha Christie
97%
Jane Marple Agatha Christie
97%
Hercule Poirot Agatha Christie
97%
Dr Watson Arthur Conan Doyle
70%
Sherlock Holmes Arthur Conan Doyle
70%
Isidore Beautrelet Maurice Leblanc
65%
Arsène Lupin Maurice Leblanc
65%
Justin Ganimard Maurice Leblanc
65%
Jules Maigret Georges Simenon
60%
Joseph Rouletabille Gaston Leroux
55%
Jean-Baptiste Adamsberg Fred Vargas
40%
Antoine San Antonio Frédéric Dard
33%
Nestor Burma Léo Malet
23%
Hieronimus Bosch dit Harry Michael Connelly
22%
Auguste Dupin Edgar Allan Poe
20%
Philip Marlowe Raymond Chandler
17%
Salva Montalbano Andrea Camilleri
15%
Kurt Wallander Henning Mankell
15%
Guido Brunetti Donna Leon
13%
Gabriel Lecouvreur, le poulpe Jean Bernard Pouy
13%
Nicolas Le Floch Jean François Parot
13%
Sam Spade Dashiell Hammet
12%
Fantômas Pierre Souvestre
12%
Lord Peter Winsey Dorothy Sayers
8%
Père Brown Gilbert Keith Chesterton
8%
Simon Templar Leslie Charteris
8%
Mike Hammer Mickey Spillane
8%
Endeavour Morse Colin Dexter
7%
Amelia Peabody Elizabeth Peters
5%
Lecoq Emile Gaboriau
5%
Nero Wolfe Rex Stout
5%
Quentin Margont Armand Cabasson
3%
Perry Mason Erle Stanley Gardner
3%
Erwin le Saxon Marc Paillet
3%
Aucun quiz correspondant
Distribution des résultats
% des personnes avec chaque résultat
Percentile par nombre de réponses
Votre historique - résultats
Vous n’avez pas pris ce quiz